A programed introduction to linguistics: Phonetics and phonemics

Sparad:
Bibliografiska uppgifter
Huvudupphovsman: Buchanan, Cynthia D
Materialtyp: Bok
Språk:Undetermined
Publicerad: Boston D. C. Health 1968
Ämnen:
Taggar: Lägg till en tagg
Inga taggar, Lägg till första taggen!
Thư viện lưu trữ: Trung tâm Học liệu Trường Đại học Cần Thơ
LEADER 00476nam a2200169Ia 4500
001 CTU_212
008 210402s9999 xx 000 0 und d
082 |a 414 
082 |b B918 
100 |a Buchanan, Cynthia D 
245 2 |a A programed introduction to linguistics: Phonetics and phonemics 
245 0 |c Cynthia D Buchanan 
260 |a Boston 
260 |b D. C. Health 
260 |c 1968 
650 |a linguistics 
980 |a Trung tâm Học liệu Trường Đại học Cần Thơ